|
|
|
|
| LEADER |
00000nab a2200000 a 4500 |
| 001 |
vtls000629853 |
| 003 |
SK-MaSNL |
| 005 |
20260304084916.0 |
| 008 |
250425c1997 xo 0 slo |
| 015 |
|
|
|a SNBRB19rr/mm-uuuuu
|
| 035 |
|
|
|a CL0629992
|
| 035 |
|
|
|a urn:nbn:sk:snk-ab2053
|
| 035 |
|
|
|a (urnnbn)urn:nbn:sk:snk:ar-a01ck6
|
| 035 |
|
|
|a (uuid)bc60b4e8-9522-4314-a9d9-0d11f82b9a52
|
| 040 |
|
|
|a SNKBUCL
|b slo
|c SNKBUCL
|e AACR2
|
| 041 |
0 |
|
|a slo
|
| 044 |
|
|
|a xo
|c SK
|
| 080 |
|
|
|a 78.071.20:784.66
|2 1981
|
| 080 |
|
|
|a 784.66
|2 1981
|
| 100 |
1 |
|
|a Krekovič, Slavomír
|4 aut
|9 12531
|
| 245 |
1 |
0 |
|a Ad: Collegium musicum
|c Slavomír Krekovič
|
| 300 |
|
|
|b Fotogr. 1
|
| 610 |
2 |
7 |
|a Collegium Musicum (hudobná skupina)
|2 snkbucl
|9 55324
|
| 655 |
|
7 |
|a články z novín a časopisov
|2 snkbucl
|9 267496
|
| 700 |
1 |
|
|a Varga, Marián,
|d 1947-2017
|4 aut
|9 100023
|
| 773 |
0 |
|
|t Hudobný život '97
|g Roč. 29, č. 13-14 (1997), s. 12
|
| 850 |
|
|
|a Slovenská národná knižnica
|
| 852 |
|
|
|a Slovenská národná knižnica
|
| 954 |
|
|
|a odborná, vedecká literatúra pôvodná (slovenská)
|2 lita
|
| 958 |
|
|
|a article27
|
| 958 |
|
|
|a OND
|
| 958 |
|
|
|a SK
|
| 958 |
|
|
|a RK
|
| 958 |
|
|
|a EUIPO
|
| 992 |
|
|
|a RBX
|
| 999 |
|
|
|c 2805601
|d 2807531
|